[Event "Stay Safe Play From Home 272"]
[Site "Emanuel Lasker Arena"]
[Date "2020.07.02"]
[Round "4"]
[White "Justwatch"]
[Black "SoulofWolf"]
[Result "0-1"]
[WhiteElo "1699"]
[BlackElo "2217"]
[PlyCount "122"]
[EventDate "2020.07.02"]
[EventType "swiss (blitz)"]

1. e4 {[%emt 0:00:02]} d6 {[%emt 0:00:00]} 2. Nf3 {[%emt 0:00:04]} c5 {[%emt 0:00:00]} 3. Nc3 {[%emt 0:00:00]} Nc6 {[%emt 0:00:01]} 4. Bb5 {[%emt 0:00:00]} Bd7 {[%emt 0:00:01]} 5. Bxc6 {[%emt 0:00:00]} Bxc6 {[%emt 0:00:00]} 6. d3 {[%emt 0:00:00]} h6 {[%emt 0:00:01]} 7. Bf4 {[%emt 0:00:01]} e5 {[%emt 0:00:01]} 8. Bg3 {[%emt 0:00:00]} Ne7 {[%emt 0:00:00]} 9. O-O {[%emt 0:00:00]} Qd7 {[%emt 0:00:01]} 10. h3 {[%emt 0:00:00]} g5 {[%emt 0:00:00]} 11. Nh2 {[%emt 0:00:01]} Bg7 {[%emt 0:00:01]} 12. Qh5 {[%emt 0:00:00]} Ng6 {[%emt 0:00:03]} 13. Ng4 {[%emt 0:00:01]} O-O-O {[%emt 0:00:03]} 14. Nh2 {[%emt 0:00:01]} Qe6 {[%emt 0:00:04]} 15. a3 {[%emt 0:00:02]} Be8 {[%emt 0:00:01]} 16. Qe2 {[%emt 0:00:02]} f6 {[%emt 0:00:02]} 17. Nd5 {[%emt 0:00:00]} Ne7 {[%emt 0:00:02]} 18. Nxe7+ {[%emt 0:00:01]} Qxe7 {[%emt 0:00:01]} 19. Qd2 {[%emt 0:00:00]} Bd7 {[%emt 0:00:02]} 20. Qa5 {[%emt 0:00:01]} Kb8 {[%emt 0:00:02]} 21. f3 {[%emt 0:00:01]} b6 {[%emt 0:00:01]} 22. Qa6 {[%emt 0:00:01]} Bc8 {[%emt 0:00:00]} 23. Qa4 {[%emt 0:00:02]} Bb7 {[%emt 0:00:00]} 24. Be1 {[%emt 0:00:02]} Rc8 {[%emt 0:00:00]} 25. Bc3 {[%emt 0:00:01]} Bc6 {[%emt 0:00:00]} 26. Qb3 {[%emt 0:00:01]} h5 {[%emt 0:00:00]} 27. g4 {[%emt 0:00:02]} Qd7 {[%emt 0:00:01]} 28. Kg2 {[%emt 0:00:02]} Ba4 {[%emt 0:00:01]} 29. Qd5 {[%emt 0:00:01]} Bc6 {[%emt 0:00:02]} 30. Qc4 {[%emt 0:00:01]} Kb7 {[%emt 0:00:00]} 31. a4 {[%emt 0:00:01]} a6 {[%emt 0:00:01]} 32. b4 {[%emt 0:00:02]} d5 {[%emt 0:00:02]} 33. exd5 {[%emt 0:00:01]} Bxd5 {[%emt 0:00:00]} 34. bxc5 {[%emt 0:00:03]} Bxc4 {[%emt 0:00:01]} 35. dxc4 {[%emt 0:00:01]} Rxc5 {[%emt 0:00:01]} 36. Bb4 {[%emt 0:00:01]} Rxc4 {[%emt 0:00:01]} 37. c3 {[%emt 0:00:01]} Qd2+ {[%emt 0:00:03]} 38. Rf2 {[%emt 0:00:01]} Qf4 {[%emt 0:00:00]} 39. a5 {[%emt 0:00:00]} h4 {[%emt 0:00:01]} 40. Nf1 {[%emt 0:00:03]} f5 {[%emt 0:00:00]} 41. Rd1 {[%emt 0:00:01]} fxg4 {[%emt 0:00:03]} 42. fxg4 {[%emt 0:00:02]} Qe4+ {[%emt 0:00:02]} 43. Kg1 {[%emt 0:00:01]} Rc7 {[%emt 0:00:04]} 44. Re1 {[%emt 0:00:02]} Qc4 {[%emt 0:00:01]} 45. Ne3 {[%emt 0:00:02]} Rhc8 {[%emt 0:00:00]} 46. Nxc4 {[%emt 0:00:01]} Rxc4 {[%emt 0:00:00]} 47. Rf7+ {[%emt 0:00:01]} R4c7 {[%emt 0:00:00]} 48. Rxc7+ {[%emt 0:00:00]} Rxc7 {[%emt 0:00:00]} 49. Bd6 {[%emt 0:00:00]} e4 {[%emt 0:00:00]} 50. Be5 {[%emt 0:00:00]} Bxe5 {[%emt 0:00:02]} 51. Rxe4 {[%emt 0:00:00]} Bxc3 {[%emt 0:00:00]} 52. Rc4 {[%emt 0:00:01]} Bd4+ {[%emt 0:00:00]} 53. Kg2 {[%emt 0:00:01]} Rxc4 {[%emt 0:00:01]} 54. Kf3 {[%emt 0:00:00]} Rc2 {[%emt 0:00:00]} 55. Ke4 {[%emt 0:00:00]} Rc3 {[%emt 0:00:00]} 56. Kf5 {[%emt 0:00:00]} Rg3 {[%emt 0:00:00]} 57. Kxg5 {[%emt 0:00:00]} Rxh3 {[%emt 0:00:00]} 58. Kf5 {[%emt 0:00:01]} Rh1 {[%emt 0:00:00]} 59. g5 {[%emt 0:00:00]} h3 {[%emt 0:00:00]} 60. g6 {[%emt 0:00:01]} h2 {[%emt 0:00:00]} 61. Ke6 {[%emt 0:00:01]} Rf1 {[%emt 0:00:00]} 0-1

[Event "Stay Safe Play From Home 272"]
[Site "Emanuel Lasker Arena"]
[Date "2020.07.02"]
[Round "4"]
[White "Trotsky"]
[Black "Bardellosport"]
[Result "0-1"]
[WhiteElo "1619"]
[BlackElo "1979"]
[PlyCount "84"]
[EventDate "2020.07.02"]
[EventType "swiss (blitz)"]

1. d3 {[%emt 0:00:01]} g6 {[%emt 0:00:01]} 2. d4 {[%emt 0:00:01]} Bg7 {[%emt 0:00:00]} 3. e3 {[%emt 0:00:00]} d6 {[%emt 0:00:00]} 4. c4 {[%emt 0:00:01]} Nd7 {[%emt 0:00:00]} 5. Nc3 {[%emt 0:00:01]} e5 {[%emt 0:00:00]} 6. Bd3 {[%emt 0:00:01]} Ne7 {[%emt 0:00:01]} 7. Qc2 {[%emt 0:00:01]} f5 {[%emt 0:00:02]} 8. Nf3 {[%emt 0:00:02]} O-O {[%emt 0:00:01]} 9. Ng5 {[%emt 0:00:02]} Nb6 {[%emt 0:00:02]} 10. Bd2 {[%emt 0:00:01]} h6 {[%emt 0:00:00]} 11. h4 {[%emt 0:00:01]} e4 {[%emt 0:00:01]} 12. Ncxe4 {[%emt 0:00:01]} fxe4 {[%emt 0:00:01]} 13. Bxe4 {[%emt 0:00:01]} Bf5 {[%emt 0:00:01]} 14. f3 {[%emt 0:00:03]} Bxe4 {[%emt 0:00:01]} 15. Qxe4 {[%emt 0:00:01]} Nf5 {[%emt 0:00:01]} 16. g4 {[%emt 0:00:01]} Ng3 {[%emt 0:00:02]} 17. Qxg6 {[%emt 0:00:01]} hxg5 {[%emt 0:00:05]} 18. hxg5 {[%emt 0:00:01]} Nxh1 {[%emt 0:00:01]} 19. O-O-O {[%emt 0:00:02]} Qe8 {[%emt 0:00:01]} 20. Qd3 {[%emt 0:00:04]} Qf7 {[%emt 0:00:01]} 21. f4 {[%emt 0:00:03]} Qxc4+ {[%emt 0:00:01]} 22. Qxc4+ {[%emt 0:00:02]} Nxc4 {[%emt 0:00:00]} 23. Rxh1 {[%emt 0:00:01]} Nxd2 {[%emt 0:00:01]} 24. Kxd2 {[%emt 0:00:01]} Rae8 {[%emt 0:00:00]} 25. Re1 {[%emt 0:00:03]} c5 {[%emt 0:00:00]} 26. d5 {[%emt 0:00:04]} Bxb2 {[%emt 0:00:01]} 27. Kd3 {[%emt 0:00:02]} Ba3 {[%emt 0:00:01]} 28. e4 {[%emt 0:00:01]} Bb4 {[%emt 0:00:01]} 29. Re2 {[%emt 0:00:01]} Kf7 {[%emt 0:00:01]} 30. f5 {[%emt 0:00:01]} Rg8 {[%emt 0:00:01]} 31. g6+ {[%emt 0:00:01]} Kf6 {[%emt 0:00:01]} 32. g5+ {[%emt 0:00:01]} Kxg5 {[%emt 0:00:01]} 33. Rg2+ {[%emt 0:00:01]} Kf6 {[%emt 0:00:01]} 34. Re2 {[%emt 0:00:03]} Re5 {[%emt 0:00:01]} 35. Kc2 {[%emt 0:00:02]} Rge8 {[%emt 0:00:01]} 36. Kb3 {[%emt 0:00:01]} Rxe4 {[%emt 0:00:01]} 37. Rc2 {[%emt 0:00:02]} Re3+ {[%emt 0:00:01]} 38. Ka4 {[%emt 0:00:01]} R8e4 {[%emt 0:00:00]} 39. a3 {[%emt 0:00:01]} Rxa3+ {[%emt 0:00:00]} 40. Kb5 {[%emt 0:00:01]} a6+ {[%emt 0:00:01]} 41. Kb6 {[%emt 0:00:01]} Re7 {[%emt 0:00:00]} 42. Rxc5 {[%emt 0:00:02]} Bxc5# {[%emt 0:00:01] (Lag: Av=0.26s, max=0.6s) '} 0-1

[Event "Stay Safe Play From Home 272"]
[Site "Emanuel Lasker Arena"]
[Date "2020.07.02"]
[Round "4"]
[White "Bishop91"]
[Black "Klasman"]
[Result "1-0"]
[WhiteElo "1607"]
[BlackElo "1334"]
[Annotator "NA"]
[PlyCount "51"]
[EventDate "2020.07.02"]
[EventType "swiss (blitz)"]

1. e4 {[%emt 0:00:01]} f5 {[%emt 0:00:01]} 2. exf5 {[%emt 0:00:01]} Nf6 {[%emt 0:00:01]} 3. d4 {[%emt 0:00:02]} d5 {[%emt 0:00:01]} 4. Bd3 {[%emt 0:00:00]} c5 {[%emt 0:00:03]} 5. Nf3 {[%emt 0:00:00]} Nc6 {[%emt 0:00:01]} 6. c3 {[%emt 0:00:01]} Qb6 {[%emt 0:00:03]} 7. O-O {[%emt 0:00:00]} cxd4 {[%emt 0:00:01]} 8. cxd4 {[%emt 0:00:01]} e6 {[%emt 0:00:03]} 9. fxe6 {[%emt 0:00:02]} Bd6 {[%emt 0:00:02]} 10. Nc3 {[%emt 0:00:00]} O-O {[%emt 0:00:04]} 11. Bg5 {[%emt 0:00:03]} Bxe6 {[%emt 0:00:03]} 12. Bxf6 {[%emt 0:00:01]} Rxf6 {[%emt 0:00:01]} 13. Re1 {[%emt 0:00:03]} Qxb2 {[%emt 0:00:05]} 14. Rc1 {[%emt 0:00:03]} Raf8 {[%emt 0:00:05]} 15. Re2 {[%emt 0:00:02]} Bg4 {[%emt 0:00:02]} 16. Rxb2 {[%emt 0:00:01]} Bxf3 {[%emt 0:00:02]} 17. gxf3 {[%emt 0:00:00]} Rxf3 {[%emt 0:00:04]} 18. Be2 {[%emt 0:00:01]} Rxf2 {[%emt 0:00:04]} 19. Nxd5 {[%emt 0:00:02]} Bxh2+ {[%emt 0:00:03]} 20. Kh1 {[%emt 0:00:01]} Bg3 {[%emt 0:00:03]} 21. Ne7+ {[%emt 0:00:08]} Kh8 {[%emt 0:00:03]} 22. Bc4 {[%emt 0:00:00]} Rxb2 {[%emt 0:00:03]} 23. Qh5 {[%emt 0:00:05]} Rh2+ {[%emt 0:00:02]} 24. Qxh2 {[%emt 0:00:01]} Bxh2 {[%emt 0:00:01]} 25. Kxh2 {[%emt 0:00:00]} Nxe7 {[%emt 0:00:01]} 26. Kg3 {[%emt 0:00:02] Time (Lag: Av=0.36s, max=0.7s)} 1-0

[Event "Stay Safe Play From Home 272"]
[Site "Emanuel Lasker Arena"]
[Date "2020.07.02"]
[Round "5"]
[White "Broken sword"]
[Black "Jhhonnyy"]
[Result "0-1"]
[WhiteElo "2441"]
[BlackElo "2292"]
[PlyCount "108"]
[EventDate "2020.07.02"]
[EventType "swiss (blitz)"]

1. d4 {[%emt 0:00:01]} Nf6 {[%emt 0:00:01]} 2. Nf3 {[%emt 0:00:00]} g6 {[%emt 0:00:01]} 3. c3 {[%emt 0:00:00]} Bg7 {[%emt 0:00:00]} 4. Bf4 {[%emt 0:00:00]} O-O {[%emt 0:00:00]} 5. e3 {[%emt 0:00:00]} d6 {[%emt 0:00:00]} 6. h3 {[%emt 0:00:00]} c5 {[%emt 0:00:00]} 7. Bh2 {[%emt 0:00:00]} Re8 {[%emt 0:00:00]} 8. Nbd2 {[%emt 0:00:00]} cxd4 {[%emt 0:00:00]} 9. cxd4 {[%emt 0:00:01]} Nc6 {[%emt 0:00:00]} 10. Bb5 {[%emt 0:00:01]} Qa5 {[%emt 0:00:01]} 11. Qe2 {[%emt 0:00:01]} Ne4 {[%emt 0:00:02]} 12. O-O {[%emt 0:00:01]} Nxd2 {[%emt 0:00:00]} 13. Nxd2 {[%emt 0:00:00]} Bd7 {[%emt 0:00:01]} 14. Nb3 {[%emt 0:00:01]} Qb6 {[%emt 0:00:01]} 15. Bd3 {[%emt 0:00:02]} Nb4 {[%emt 0:00:02]} 16. Rfc1 {[%emt 0:00:03]} Rac8 {[%emt 0:00:02]} 17. Bg3 {[%emt 0:00:03]} a6 {[%emt 0:00:02]} 18. Qd1 {[%emt 0:00:03]} h6 {[%emt 0:00:03]} 19. Be2 {[%emt 0:00:01]} Be6 {[%emt 0:00:01]} 20. Rxc8 {[%emt 0:00:06]} Rxc8 {[%emt 0:00:01]} 21. a3 {[%emt 0:00:00]} Nc2 {[%emt 0:00:02]} 22. Nd2 {[%emt 0:00:01]} Nxa1 {[%emt 0:00:01]} 23. Qxa1 {[%emt 0:00:00]} Qc7 {[%emt 0:00:03]} 24. Ne4 {[%emt 0:00:07]} Qc1+ {[%emt 0:00:01]} 25. Qxc1 {[%emt 0:00:00]} Rxc1+ {[%emt 0:00:00]} 26. Kh2 {[%emt 0:00:00]} Bd5 {[%emt 0:00:01]} 27. Nc3 {[%emt 0:00:01]} Bc6 {[%emt 0:00:01]} 28. Bd3 {[%emt 0:00:03]} e5 {[%emt 0:00:04]} 29. dxe5 {[%emt 0:00:02]} dxe5 {[%emt 0:00:01]} 30. e4 {[%emt 0:00:00]} f6 {[%emt 0:00:01]} 31. f3 {[%emt 0:00:01]} Bf8 {[%emt 0:00:01]} 32. Bf2 {[%emt 0:00:01]} Bxa3 {[%emt 0:00:02]} 33. Be3 {[%emt 0:00:03]} Bxb2 {[%emt 0:00:01]} 34. Bxc1 {[%emt 0:00:01]} Bxc1 {[%emt 0:00:00]} 35. Nd5 {[%emt 0:00:02]} Kf7 {[%emt 0:00:03]} 36. Kg1 {[%emt 0:00:02]} b5 {[%emt 0:00:02]} 37. Kf1 {[%emt 0:00:01]} Bb2 {[%emt 0:00:01]} 38. Ke2 {[%emt 0:00:01]} Bd4 {[%emt 0:00:00]} 39. Kd2 {[%emt 0:00:00]} f5 {[%emt 0:00:01]} 40. Kc2 {[%emt 0:00:01]} Ke6 {[%emt 0:00:01]} 41. Nc7+ {[%emt 0:00:01]} Kf6 {[%emt 0:00:01]} 42. Nxa6 {[%emt 0:00:00]} fxe4 {[%emt 0:00:01]} 43. Bxe4 {[%emt 0:00:01]} Bd7 {[%emt 0:00:01]} 44. Nb4 {[%emt 0:00:01]} Kg5 {[%emt 0:00:01]} 45. Nd5 {[%emt 0:00:00]} Kh4 {[%emt 0:00:01]} 46. Kd3 {[%emt 0:00:00]} Kg3 {[%emt 0:00:01]} 47. h4 {[%emt 0:00:01]} Kxh4 {[%emt 0:00:01]} 48. Nf6 {[%emt 0:00:00]} g5 {[%emt 0:00:00]} 49. Nxd7 {[%emt 0:00:01]} h5 {[%emt 0:00:00]} 50. Nf6 {[%emt 0:00:01]} g4 {[%emt 0:00:00]} 51. fxg4 {[%emt 0:00:00]} hxg4 {[%emt 0:00:00]} 52. Nd7 {[%emt 0:00:01]} Kg3 {[%emt 0:00:00]} 53. Nf6 {[%emt 0:00:01]} b4 {[%emt 0:00:00]} 54. Kc4 {[%emt 0:00:01]} Bc3 {[%emt 0:00:02] Time (Lag: Av=0.31s, max=0.6s)} 0-1

[Event "Stay Safe Play From Home 272"]
[Site "Emanuel Lasker Arena"]
[Date "2020.07.02"]
[Round "5"]
[White "Mepe_Nika"]
[Black "Metehun"]
[Result "0-1"]
[WhiteElo "2415"]
[BlackElo "2424"]
[PlyCount "74"]
[EventDate "2020.07.02"]
[EventType "swiss (blitz)"]

1. d4 {[%emt 0:00:01]} g6 {[%emt 0:00:01]} 2. Bf4 {[%emt 0:00:01]} Bg7 {[%emt 0:00:00]} 3. e3 {[%emt 0:00:01]} d6 {[%emt 0:00:00]} 4. c4 {[%emt 0:00:00]} Nd7 {[%emt 0:00:01]} 5. Nc3 {[%emt 0:00:00]} e5 {[%emt 0:00:01]} 6. dxe5 {[%emt 0:00:02]} dxe5 {[%emt 0:00:01]} 7. Bg3 {[%emt 0:00:01]} Ne7 {[%emt 0:00:00]} 8. Nf3 {[%emt 0:00:01]} Nf5 {[%emt 0:00:02]} 9. Bd3 {[%emt 0:00:02]} Nxg3 {[%emt 0:00:01]} 10. hxg3 {[%emt 0:00:01]} h5 {[%emt 0:00:02]} 11. O-O {[%emt 0:00:01]} O-O {[%emt 0:00:01]} 12. Qc2 {[%emt 0:00:02]} Qe7 {[%emt 0:00:02]} 13. Rad1 {[%emt 0:00:01]} c6 {[%emt 0:00:00]} 14. Nd2 {[%emt 0:00:01]} a5 {[%emt 0:00:01]} 15. e4 {[%emt 0:00:02]} Nc5 {[%emt 0:00:01]} 16. a3 {[%emt 0:00:01]} Ne6 {[%emt 0:00:01]} 17. Nf3 {[%emt 0:00:03]} Nd4 {[%emt 0:00:01]} 18. Nxd4 {[%emt 0:00:01]} exd4 {[%emt 0:00:00]} 19. Ne2 {[%emt 0:00:00]} h4 {[%emt 0:00:00]} 20. gxh4 {[%emt 0:00:02]} Qxh4 {[%emt 0:00:01]} 21. Ng3 {[%emt 0:00:00]} Be5 {[%emt 0:00:02]} 22. Qe2 {[%emt 0:00:04]} Bg4 {[%emt 0:00:02]} 23. Qd2 {[%emt 0:00:04]} Bxd1 {[%emt 0:00:01]} 24. Qxd1 {[%emt 0:00:01]} Bxg3 {[%emt 0:00:01]} 25. fxg3 {[%emt 0:00:00]} Qxg3 {[%emt 0:00:00]} 26. Rf3 {[%emt 0:00:01]} Qe5 {[%emt 0:00:01]} 27. Qf1 {[%emt 0:00:01]} Rad8 {[%emt 0:00:01]} 28. Qf2 {[%emt 0:00:00]} Kg7 {[%emt 0:00:01]} 29. Qh4 {[%emt 0:00:01]} Rh8 {[%emt 0:00:02]} 30. Qg4 {[%emt 0:00:00]} Rh5 {[%emt 0:00:04]} 31. Kf2 {[%emt 0:00:01]} Rg5 {[%emt 0:00:01]} 32. Qh3 {[%emt 0:00:03]} Rh5 {[%emt 0:00:02]} 33. Qg4 {[%emt 0:00:01]} Qg5 {[%emt 0:00:01]} 34. Qxg5 {[%emt 0:00:02]} Rxg5 {[%emt 0:00:01]} 35. b4 {[%emt 0:00:00]} axb4 {[%emt 0:00:01]} 36. axb4 {[%emt 0:00:00]} Ra8 {[%emt 0:00:01]} 37. c5 {[%emt 0:00:01]} Ra3 {[%emt 0:00:01] Mepe_Nika resigns (Lag: Av=0.42s, max=0.6s)} 0-1

[Event "Stay Safe Play From Home 272"]
[Site "Emanuel Lasker Arena"]
[Date "2020.07.02"]
[Round "5"]
[White "BrainThinker22"]
[Black "Greblah"]
[Result "1-0"]
[WhiteElo "2278"]
[BlackElo "1890"]
[Annotator "NA"]
[PlyCount "91"]
[EventDate "2020.07.02"]
[EventType "swiss (blitz)"]

1. e4 {[%emt 0:00:01]} c6 {[%emt 0:00:00]} 2. Nc3 {[%emt 0:00:00]} d5 {[%emt 0:00:00]} 3. d4 {[%emt 0:00:00]} dxe4 {[%emt 0:00:01]} 4. Nxe4 {[%emt 0:00:00]} Nf6 {[%emt 0:00:00]} 5. Nxf6+ {[%emt 0:00:00]} gxf6 {[%emt 0:00:00]} 6. c3 {[%emt 0:00:00]} Bf5 {[%emt 0:00:01]} 7. Bd3 {[%emt 0:00:00]} Bxd3 {[%emt 0:00:02]} 8. Qxd3 {[%emt 0:00:00]} e6 {[%emt 0:00:00]} 9. Nf3 {[%emt 0:00:01]} Bd6 {[%emt 0:00:01]} 10. O-O {[%emt 0:00:00]} Nd7 {[%emt 0:00:01]} 11. h3 {[%emt 0:00:01]} O-O {[%emt 0:00:01]} 12. Bh6 {[%emt 0:00:01]} Re8 {[%emt 0:00:01]} 13. Rfe1 {[%emt 0:00:01]} Bf8 {[%emt 0:00:01]} 14. Bf4 {[%emt 0:00:03]} Bg7 {[%emt 0:00:01]} 15. Rad1 {[%emt 0:00:01]} f5 {[%emt 0:00:01]} 16. Ne5 {[%emt 0:00:01]} Nxe5 {[%emt 0:00:01]} 17. Bxe5 {[%emt 0:00:00]} Bxe5 {[%emt 0:00:01]} 18. Rxe5 {[%emt 0:00:00]} Qf6 {[%emt 0:00:01]} 19. Rde1 {[%emt 0:00:01]} Rad8 {[%emt 0:00:01]} 20. R1e3 {[%emt 0:00:01]} Rd5 {[%emt 0:00:01]} 21. Rg3+ {[%emt 0:00:01]} Kh8 {[%emt 0:00:00]} 22. Rxd5 {[%emt 0:00:03]} cxd5 {[%emt 0:00:03]} 23. Qb5 {[%emt 0:00:01]} Rg8 {[%emt 0:00:01]} 24. Rxg8+ {[%emt 0:00:02]} Kxg8 {[%emt 0:00:01]} 25. Qxb7 {[%emt 0:00:00]} Qg5 {[%emt 0:00:04]} 26. Qa8+ {[%emt 0:00:01]} Kg7 {[%emt 0:00:01]} 27. Qb8 {[%emt 0:00:01]} Qc1+ {[%emt 0:00:03]} 28. Kh2 {[%emt 0:00:01]} Qd2 {[%emt 0:00:02]} 29. Kg3 {[%emt 0:00:01]} Qd3+ {[%emt 0:00:02]} 30. f3 {[%emt 0:00:00]} Qd2 {[%emt 0:00:04]} 31. Qe5+ {[%emt 0:00:01]} f6 {[%emt 0:00:04]} 32. Qc7+ {[%emt 0:00:01]} Kg6 {[%emt 0:00:01]} 33. Qb7 {[%emt 0:00:02]} Qg5+ {[%emt 0:00:01]} 34. Kh2 {[%emt 0:00:01]} Qf4+ {[%emt 0:00:02]} 35. Kg1 {[%emt 0:00:01]} Qe3+ {[%emt 0:00:02]} 36. Kf1 {[%emt 0:00:01]} Qc1+ {[%emt 0:00:02]} 37. Kf2 {[%emt 0:00:00]} Qc2+ {[%emt 0:00:01]} 38. Kg3 {[%emt 0:00:01]} Qd2 {[%emt 0:00:01]} 39. Qc7 {[%emt 0:00:01]} Qg5+ {[%emt 0:00:02]} 40. Kh2 {[%emt 0:00:01]} Qc1 {[%emt 0:00:00]} 41. Qg3+ {[%emt 0:00:00]} Kf7 {[%emt 0:00:01]} 42. Qf2 {[%emt 0:00:00]} Qf4+ {[%emt 0:00:01]} 43. g3 {[%emt 0:00:00]} Qc1 {[%emt 0:00:01]} 44. f4 {[%emt 0:00:01]} Qb1 {[%emt 0:00:02]} 45. b3 {[%emt 0:00:01]} Qc2 {[%emt 0:00:01]} 46. c4 {[%emt 0:00:01] Zeit (Lag: Av=0.51s, max=1.0s)} 1-0

[Event "Stay Safe Play From Home 272"]
[Site "Emanuel Lasker Arena"]
[Date "2020.07.02"]
[Round "5"]
[White "SoulofWolf"]
[Black "Uber_WING"]
[Result "0-1"]
[WhiteElo "2219"]
[BlackElo "2417"]
[PlyCount "88"]
[EventDate "2020.07.02"]
[EventType "swiss (blitz)"]

1. c4 {[%emt 0:00:01]} e5 {[%emt 0:00:01]} 2. Nf3 {[%emt 0:00:00]} Nc6 {[%emt 0:00:00]} 3. d4 {[%emt 0:00:00]} e4 {[%emt 0:00:01]} 4. d5 {[%emt 0:00:01]} Nce7 {[%emt 0:00:02]} 5. Nfd2 {[%emt 0:00:01]} f5 {[%emt 0:00:01]} 6. Nc3 {[%emt 0:00:00]} d6 {[%emt 0:00:00]} 7. e3 {[%emt 0:00:00]} Nf6 {[%emt 0:00:00]} 8. Be2 {[%emt 0:00:00]} g6 {[%emt 0:00:00]} 9. f3 {[%emt 0:00:00]} Bg7 {[%emt 0:00:00]} 10. fxe4 {[%emt 0:00:01]} O-O {[%emt 0:00:00]} 11. exf5 {[%emt 0:00:01]} Bxf5 {[%emt 0:00:00]} 12. O-O {[%emt 0:00:00]} Qd7 {[%emt 0:00:01]} 13. e4 {[%emt 0:00:00]} Bg4 {[%emt 0:00:02]} 14. Rxf6 {[%emt 0:00:07]} Rxf6 {[%emt 0:00:01]} 15. Bxg4 {[%emt 0:00:01]} Qe8 {[%emt 0:00:00]} 16. Be6+ {[%emt 0:00:01]} Kh8 {[%emt 0:00:00]} 17. Nf3 {[%emt 0:00:01]} Ng8 {[%emt 0:00:02]} 18. Bg5 {[%emt 0:00:01]} Rf8 {[%emt 0:00:01]} 19. Qd2 {[%emt 0:00:02]} Bf6 {[%emt 0:00:03]} 20. Bf4 {[%emt 0:00:04]} Qe7 {[%emt 0:00:01]} 21. Nb5 {[%emt 0:00:01]} a6 {[%emt 0:00:01]} 22. Nbd4 {[%emt 0:00:01]} Rae8 {[%emt 0:00:03]} 23. Bg3 {[%emt 0:00:02]} Kg7 {[%emt 0:00:01]} 24. Re1 {[%emt 0:00:01]} h6 {[%emt 0:00:04]} 25. e5 {[%emt 0:00:00]} dxe5 {[%emt 0:00:01]} 26. Nxe5 {[%emt 0:00:01]} Qc5 {[%emt 0:00:02]} 27. Qd3 {[%emt 0:00:01]} Ne7 {[%emt 0:00:02]} 28. b4 {[%emt 0:00:04]} Qxb4 {[%emt 0:00:02]} 29. Rf1 {[%emt 0:00:05]} Qc5 {[%emt 0:00:03]} 30. Kh1 {[%emt 0:00:01]} Bg5 {[%emt 0:00:02]} 31. Rd1 {[%emt 0:00:03]} h5 {[%emt 0:00:02]} 32. h4 {[%emt 0:00:01]} Bf6 {[%emt 0:00:01]} 33. Nef3 {[%emt 0:00:00]} c6 {[%emt 0:00:04]} 34. Bf2 {[%emt 0:00:02]} Qd6 {[%emt 0:00:01]} 35. Ne1 {[%emt 0:00:02]} Qc7 {[%emt 0:00:03]} 36. Bg3 {[%emt 0:00:01]} Qd8 {[%emt 0:00:00]} 37. Nef3 {[%emt 0:00:01]} Ng8 {[%emt 0:00:01]} 38. Ng5 {[%emt 0:00:01]} Bxg5 {[%emt 0:00:01]} 39. hxg5 {[%emt 0:00:01]} Qxg5 {[%emt 0:00:00]} 40. Re1 {[%emt 0:00:01]} h4 {[%emt 0:00:00]} 41. Bh2 {[%emt 0:00:01]} Nf6 {[%emt 0:00:00]} 42. Rg1 {[%emt 0:00:00]} Ng4 {[%emt 0:00:00]} 43. Nf5+ {[%emt 0:00:01]} Rxf5 {[%emt 0:00:01]} 44. Bxf5 {[%emt 0:00:00]} Nf2# {[%emt 0:00:01] (Lag: Av=0.32s, max=0.6s)} 0-1

[Event "Stay Safe Play From Home 272"]
[Site "Emanuel Lasker Arena"]
[Date "2020.07.02"]
[Round "5"]
[White "Bardellosport"]
[Black "Bishop91"]
[Result "0-1"]
[WhiteElo "1983"]
[BlackElo "1613"]
[Annotator "NA"]
[PlyCount "62"]
[EventDate "2020.07.02"]
[EventType "swiss (blitz)"]

1. g3 {[%emt 0:00:02]} e6 {[%emt 0:00:00]} 2. Bg2 {[%emt 0:00:00]} d5 {[%emt 0:00:01]} 3. d3 {[%emt 0:00:00]} Bd6 {[%emt 0:00:01]} 4. Nd2 {[%emt 0:00:00]} Nf6 {[%emt 0:00:02]} 5. e4 {[%emt 0:00:00]} dxe4 {[%emt 0:00:02]} 6. dxe4 {[%emt 0:00:00]} O-O {[%emt 0:00:01]} 7. Qe2 {[%emt 0:00:00]} Nc6 {[%emt 0:00:01]} 8. c3 {[%emt 0:00:00]} e5 {[%emt 0:00:01]} 9. f4 {[%emt 0:00:01]} Bg4 {[%emt 0:00:01]} 10. Ngf3 {[%emt 0:00:01]} exf4 {[%emt 0:00:01]} 11. gxf4 {[%emt 0:00:00]} Re8 {[%emt 0:00:02]} 12. e5 {[%emt 0:00:01]} Bc5 {[%emt 0:00:01]} 13. Nb3 {[%emt 0:00:02]} Bb6 {[%emt 0:00:01]} 14. Be3 {[%emt 0:00:01]} Bxe3 {[%emt 0:00:02]} 15. Qxe3 {[%emt 0:00:00]} Nd5 {[%emt 0:00:01]} 16. Qc1 {[%emt 0:00:03]} Bxf3 {[%emt 0:00:03]} 17. Bxf3 {[%emt 0:00:01]} Qh4+ {[%emt 0:00:00]} 18. Ke2 {[%emt 0:00:02]} Nxf4+ {[%emt 0:00:04]} 19. Ke3 {[%emt 0:00:01]} Rxe5+ {[%emt 0:00:02]} 20. Kd2 {[%emt 0:00:02]} Qf2+ {[%emt 0:00:02]} 21. Kd1 {[%emt 0:00:02]} Qxf3+ {[%emt 0:00:01]} 22. Kc2 {[%emt 0:00:00]} Re2+ {[%emt 0:00:03]} 23. Nd2 {[%emt 0:00:01]} Qe4+ {[%emt 0:00:01]} 24. Kd1 {[%emt 0:00:02]} Qxh1+ {[%emt 0:00:04]} 25. Kc2 {[%emt 0:00:01]} Qe4+ {[%emt 0:00:01]} 26. Kb3 {[%emt 0:00:02]} Na5+ {[%emt 0:00:02]} 27. Ka3 {[%emt 0:00:01]} Qe7+ {[%emt 0:00:02]} 28. b4 {[%emt 0:00:01]} Rxd2 {[%emt 0:00:03]} 29. Qd1 {[%emt 0:00:03]} Nc4+ {[%emt 0:00:00]} 30. Kb3 {[%emt 0:00:01]} b5 {[%emt 0:00:01]} 31. Qg4 {[%emt 0:00:02]} Rb2# {[%emt 0:00:01] (Lag: Av=0.29s, max=0.6s)} 0-1

[Event "Stay Safe Play From Home 272"]
[Site "Emanuel Lasker Arena"]
[Date "2020.07.02"]
[Round "5"]
[White "Chase the sun"]
[Black "Haxhi Baha"]
[Result "1-0"]
[WhiteElo "1863"]
[BlackElo "2063"]
[PlyCount "55"]
[EventDate "2020.07.02"]
[EventType "swiss (blitz)"]

1. e4 {[%emt 0:00:01]} e6 {[%emt 0:00:01]} 2. b3 {[%emt 0:00:01]} d5 {[%emt 0:00:00]} 3. Bb2 {[%emt 0:00:01]} dxe4 {[%emt 0:00:01]} 4. Nc3 {[%emt 0:00:01]} c5 {[%emt 0:00:01]} 5. g4 {[%emt 0:00:02]} Nc6 {[%emt 0:00:00]} 6. Bg2 {[%emt 0:00:00]} f5 {[%emt 0:00:02]} 7. f3 {[%emt 0:00:02]} exf3 {[%emt 0:00:01]} 8. Nxf3 {[%emt 0:00:01]} Qh4+ {[%emt 0:00:00]} 9. Nxh4 {[%emt 0:00:01]} fxg4 {[%emt 0:00:01]} 10. O-O {[%emt 0:00:01]} Nf6 {[%emt 0:00:01]} 11. Ne4 {[%emt 0:00:04]} Be7 {[%emt 0:00:03]} 12. Nxf6+ {[%emt 0:00:03]} gxf6 {[%emt 0:00:00]} 13. Qxg4 {[%emt 0:00:02]} Bd7 {[%emt 0:00:00]} 14. Qh5+ {[%emt 0:00:02]} Kd8 {[%emt 0:00:01]} 15. Ng6 {[%emt 0:00:03]} Re8 {[%emt 0:00:02]} 16. Nxe7 {[%emt 0:00:03]} Nxe7 {[%emt 0:00:01]} 17. Bxf6 {[%emt 0:00:01]} Kc7 {[%emt 0:00:01]} 18. Bxe7 {[%emt 0:00:02]} Rxe7 {[%emt 0:00:01]} 19. Rf7 {[%emt 0:00:00]} Rae8 {[%emt 0:00:06]} 20. Raf1 {[%emt 0:00:03]} Kb6 {[%emt 0:00:04]} 21. Qxh7 {[%emt 0:00:01]} Rxf7 {[%emt 0:00:04]} 22. Rxf7 {[%emt 0:00:00]} Bc6 {[%emt 0:00:01]} 23. Bxc6 {[%emt 0:00:02]} bxc6 {[%emt 0:00:00]} 24. Rb7+ {[%emt 0:00:01]} Ka5 {[%emt 0:00:00]} 25. Qc7+ {[%emt 0:00:02]} Ka6 {[%emt 0:00:03]} 26. Rxa7+ {[%emt 0:00:01]} Kb5 {[%emt 0:00:01]} 27. Ra5+ {[%emt 0:00:03]} Kb4 {[%emt 0:00:01]} 28. c3# {[%emt 0:00:01] (Lag: Av=0.81s, max=1.2s)} 1-0